Theory of preliminary test and Stein-type estimation with applications

保存先:
書誌詳細
第一著者:  Saleh, A. K. Md. Ehsanes
フォーマット: Sách
言語:Undetermined
出版事項:  Wiley-Interscience  2006
主題:
タグ: タグ追加
タグなし, このレコードへの初めてのタグを付けませんか!
Thư viện lưu trữ: Trung tâm Thư viện - Trường Đại học Công nghiệp TP. Hồ Chí Minh
LEADER 00530nam a2200157Ia 4500
001 UIH_07608
008 231011s9999 xx 000 0 und d
082 |a  001.4 
100 |a  Saleh, A. K. Md. Ehsanes 
245 0 |a  Theory of preliminary test and Stein-type estimation with applications 
245 0 |c  Saleh, A. K. Md. Ehsanes 
260 |b  Wiley-Interscience 
260 |c  2006 
650 |a  Thống kê;  
927 |a Sách 
980 |a Trung tâm Thư viện - Trường Đại học Công nghiệp TP. Hồ Chí Minh